| 000 | 00626nam a2200193 i 4500 | ||
|---|---|---|---|
| 001 | 126645 | ||
| 003 | ES-MaACL | ||
| 005 | 20250929063201.0 | ||
| 007 | t| | ||
| 008 | 070214s1973 sp r ||||1| cat d | ||
| 100 | 0 |
_aReventós, Jacint, _d1928- _996405 |
|
| 245 | 1 | 0 |
_aPicasso i els Reventós / _cJacint Reventós ; amb fotografies de F. Catalá Roca. |
| 260 |
_aBarcelona : _bGustavo Gili, _c1973. |
||
| 300 |
_a81 p., 18 lám. : _bil. ; _c31 cm. |
||
| 600 | 1 | 4 |
_aPicasso, Pablo, _d1881-1973 _991794 |
| 700 | 1 |
_aCatalà-Roca, Francesc. _937014 |
|
| 852 |
_aES-MaACL _jC-50751 _bR.85207 |
||
| 999 |
_c126645 _d126645 |
||